Alle Vereine der Europäischen Top 5 Ligen seit 2000/2001 - Statistiken

Allgemein
  • Dieses Quiz wurde 1.027 mal gespielt
    17 seit der letzten Aktualisierung
  • Das Durchschnittsergebnis liegt bei 123 aus 218
Antwortstatistiken
Verein Liga % Korrekt
1.FC Heidenheim Bundesliga
100%
1.FC Köln Bundesliga
100%
1.FC Union Berlin Bundesliga
100%
1. FSV Mainz 05 Bundesliga
100%
Borussia Dortmund Bundesliga
100%
Eintracht Frankfurt Bundesliga
100%
FC Bayern München Bundesliga
100%
FC Schalke 04 Bundesliga
100%
RB Leipzig Bundesliga
100%
SC Freiburg Bundesliga
100%
SV Werder Bremen Bundesliga
100%
VfB Stuttgart Bundesliga
100%
1.FC Kaiserslautern Bundesliga
93%
1.FC Nürnberg Bundesliga
93%
Arminia Bielefeld Bundesliga
93%
Aston Villa Premier League
93%
Bayer 04 Leverkusen Bundesliga
93%
Borussia Mönchengladbach Bundesliga
93%
FC Arsenal Premier League
93%
FC Augsburg Bundesliga
93%
FC St. Pauli Bundesliga
93%
Fortuna Düsseldorf Bundesliga
93%
Hamburger SV Bundesliga
93%
Hannover 96 Bundesliga
93%
Hertha BSC Bundesliga
93%
Manchester City Premier League
93%
Manchester United Premier League
93%
SC Paderborn 07 Bundesliga
93%
SpVgg Greuther Fürth Bundesliga
93%
SV Darmstadt 98 Bundesliga
93%
TSG 1899 Hoffenheim Bundesliga
93%
TSV 1860 München Bundesliga
93%
VfL Wolfsburg Bundesliga
93%
AC Mailand Serie A
87%
Alemannia Aachen Bundesliga
87%
Crystal Palace Premier League
87%
Eintracht Braunschweig Bundesliga
87%
FC Chelsea Premier League
87%
FC Hansa Rostock Bundesliga
87%
FC Liverpool Premier League
87%
Holstein Kiel Bundesliga
87%
Inter Mailand Serie A
87%
Juventus Turin Serie A
87%
Olympique Marseille Ligue 1
87%
Paris Saint-Germain Ligue 1
87%
Real Madrid La Liga
87%
VfL Bochum Bundesliga
87%
Athletic Bilbao La Liga
80%
Energie Cottbus Bundesliga
80%
FC Barcelona La Liga
80%
FC Portsmouth Premier League
80%
FC Valencia La Liga
80%
HSC Montpellier Ligue 1
80%
Karlsruher SC Bundesliga
80%
Olympique Lyon Ligue 1
80%
OSC Lille Ligue 1
80%
Paris FC Ligue 1
80%
RC Lens Ligue 1
80%
Real Betis Sevilla La Liga
80%
Tottenham Hotspur Premier League
80%
Wolverhampton Wanderers Premier League
80%
1.FC Ingolstadt 04 Bundesliga
73%
AC Florenz Serie A
73%
AFC Sunderland Premier League
73%
AS Monaco Ligue 1
73%
AS Rom Serie A
73%
Atalanta Bergamo Serie A
73%
Atletico Madrid La Liga
73%
Brighton & Hove Albion Premier League
73%
FC Everton Premier League
73%
FC Palermo Serie A
73%
FC Sevilla La Liga
73%
FC Turin Serie A
73%
Lazio Rom Serie A
73%
Leicester City Premier League
73%
Newcastle United Premier League
73%
Nottingham Forest Premier League
73%
Parma Calcio Serie A
73%
RCD Espanyol Barcelona La Liga
73%
Birmingham City Premier League
67%
FC Brentford Premier League
67%
FC Elche La Liga
67%
FC Fulham Premier League
67%
FC Toulouse Ligue 1
67%
Girondins Bordeaux Ligue 1
67%
Leeds United Premier League
67%
MSV Duisburg Bundesliga
67%
Racing Straßburg Ligue 1
67%
SpVgg Unterhaching Bundesliga
67%
Stade Brest Ligue 1
67%
Stade Reims Ligue 1
67%
Stade Rennes Ligue 1
67%
Udinese Calcio Serie A
67%
West Ham United Premier League
67%
AS Saint-Etienne Ligue 1
60%
Cagliari Calcio Serie A
60%
CA Osasuna La Liga
60%
CFC Genua Serie A
60%
Derby County Premier League
60%
FC Bologna Serie A
60%
FC Getafe La Liga
60%
FC Girona La Liga
60%
FC Metz Ligue 1
60%
Hellas Verona Serie A
60%
Rayo Vallecano La Liga
60%
RCD Mallorca La Liga
60%
Real Oviedo La Liga
60%
Sampdoria Genua Serie A
60%
SSC Neapel Serie A
60%
Swansea City Premier League
60%
West Bromwich Albion Premier League
60%
AC Monza Serie A
53%
AFC Bournemouth Premier League
53%
AJ Auxerre Ligue 1
53%
Cardiff City Premier League
53%
Celta Vigo La Liga
53%
Como 1907 Serie A
53%
Deportivo La Coruna La Liga
53%
FC Southampton Premier League
53%
FC Venedig Serie A
53%
Hull City Premier League
53%
Le Havre AC Ligue 1
53%
Luton Town Premier League
53%
OGC Nizza Ligue 1
53%
Real Sociedad La Liga
53%
SCO Angers Ligue 1
53%
Sheffield United Premier League
53%
SSC Bari Serie A
53%
UD Levante La Liga
53%
US Lecce Serie A
53%
US Sassuolo Serie A
53%
AS Nancy Lorraine Ligue 1
47%
CD Alaves La Liga
47%
FC Blackpool Premier League
47%
FC Burnley Premier League
47%
FC Malaga La Liga
47%
FC Nantes Ligue 1
47%
FC Villarreal La Liga
47%
Ipswich Town Premier League
47%
Norwich City Premier League
47%
Queens Park Rangers Premier League
47%
Racing Santander La Liga
47%
Real Saragossa La Liga
47%
SC Amiens Ligue 1
47%
SPAL Ferrara Serie A
47%
Spezia Calcio Serie A
47%
Stoke City Premier League
47%
AC Ajaccio Ligue 1
40%
Catania Calcio Serie A
40%
CD Leganes La Liga
40%
Charlton Athletic Premier League
40%
Coventry City Premier League
40%
FC Cadiz La Liga
40%
FC Lorient Ligue 1
40%
FC Middlesbrough Premier League
40%
Huddersfield Town Premier League
40%
Real Sporting Gijon La Liga
40%
Real Valladolid La Liga
40%
UD Las Palmas La Liga
40%
Blackburn Rovers Premier League
33%
Bolton Wanderers Premier League
33%
Brescia Calcio Serie A
33%
EA Guingamp Ligue 1
33%
FC Empoli Serie A
33%
FC Modena Serie A
33%
FC Reading Premier League
33%
FC Watford Premier League
33%
Grenoble Foot 38 Ligue 1
33%
SC Bastia Ligue 1
33%
UD Almeria La Liga
33%
Wigan Athletic Premier League
33%
AC Arles-Avignon Ligue 1
27%
ACN Siena Serie A
27%
Albacete Balompie La Liga
27%
CD Teneriffa La Liga
27%
Chievo Verona Serie A
27%
Clermont Foot Ligue 1
27%
Delfino Pescara Serie A
27%
ES Troyes AC Ligue 1
27%
FC Granada La Liga
27%
FC Sochaux Ligue 1
27%
Frosinone Calcio Serie A
27%
Le Mans FC Ligue 1
27%
Olimpique Nimes Ligue 1
27%
SD Eibar La Liga
27%
SD Huesca La Liga
27%
AC Cesena Serie A
20%
AC Perugia Serie A
20%
AS Livorno Serie A
20%
CD Numancia La Liga
20%
Deportivo Xerez La Liga
20%
FC Cordoba La Liga
20%
FCO Dijon Ligue 1
20%
Hercules Alicante La Liga
20%
Pisa SC Serie A
20%
Reggina 1914 Serie A
20%
SM Caen Ligue 1
20%
ACR Messina Serie A
13%
Ascoli Calcio Serie A
13%
Gimnastic de Tarragona La Liga
13%
L.R.Vicenza Virtus Serie A
13%
Novara Calcio Serie A
13%
Real Murcia La Liga
13%
Recreativo Huelva La Liga
13%
US Cremonese Serie A
13%
Benevento Calcio Serie A
7%
Bradford City Premier League
7%
CS Sedan Ligue 1
7%
FC Valenciennes Ligue 1
7%
Gazelec FC Ajaccio Ligue 1
7%
ACD Trevisio Serie A
0%
FC Carpi Serie A
0%
FC Crotone Serie A
0%
FC Istres Ligue 1
0%
Piacenza Calcio Serie A
0%
Thonon Evian FC Ligue 1
0%
US Ancona 1905 Serie A
0%
US Boulogne Ligue 1
0%
Keine übereinstimmenden Quizze gefunden
Verteilung der Resultate
Anzahl Personen mit jedem Resultat
Perzentil nach korrekt beantworteten Fragen
Ihre Resultats-Entwicklung
Sie haben dieses Quiz seit der letzten Aktualisierung nicht gespielt